[Event "CRO-chT1A 21st"]
[Site "Sibenik"]
[Date "2012.09.30"]
[Round "8.35"]
[White "Vukoje, Vladimir"]
[Black "Armanda, Ivica"]
[Result "1/2-1/2"]
[WhiteElo "2386"]
[BlackElo "2387"]
[PlyCount "106"]
[EventDate "2012.09.23"]
[EventType "team-tourn"]
[EventRounds "9"]
[EventCountry "CRO"]
[SourceTitle "CBM 150 Extra"]
[Source "ChessBase"]
[SourceDate "2012.10.19"]
[SourceVersion "1"]
[SourceVersionDate "2012.10.19"]
[SourceQuality "1"]
[WhiteTeam "Slavonski Brod"]
[BlackTeam "Mravince"]
[WhiteTeamCountry "CRO"]
[BlackTeamCountry "CRO"]

1. e4 c5 2. Nf3 d6 3. d4 cxd4 4. Nxd4 Nf6 5. Nc3 g6 6. Be3 Bg7 7. Be2 0-0 8. Qd2 Nc6 9. 0-0-0 Nxd4 10. Bxd4 Be6 11. g4 Qa5 12. g5 Nd7 13. Bxg7 Kxg7 14. a3 Rfc8 15. Kb1 Rab8 16. Nd5 Qxd2 17. Rxd2 Bxd5 18. Rxd5 a6 19. h4 Rc5 20. h5 Rxd5 21. h6+ Kf8 22. exd5 e5 23. c4 Ke7 24. b4 b6 25. Bg4 f5 26. Be2 e4 27. Kb2 Ne5 28. Kc3 a5 29. Rb1 axb4+ 30. axb4 Nf7 31. Rg1 Ra8 32. Kb3 Ne5 33. Re1 Ra7 34. Kb2 Kd8 35. Kb3 Kc8 36. Kb2 Kb8 37. Rb1 Nf7 38. Rg1 Re7 39. Kc3 Ra7 40. Kb3 Ne5 41. Re1 Rc7 42. Rd1 Re7 43. Kc3 f4 44. c5 bxc5 45. bxc5 Nf7 46. c6 Ra7 47. Rb1+ Kc7 48. Rg1 Ne5 49. Bg4 Ra3+ 50. Kd4 Ra4+ 51. Kc3 Ra3+ 52. Kd4 Ra4+ 53. Kc3 Ra3+ 1/2-1/2

[Event "CRO Cup 21st"]
[Site "Sibenik"]
[Date "2012.05.20"]
[Round "6.64"]
[White "Vukoje, Vladimir"]
[Black "Katavic, Borivoj"]
[Result "1-0"]
[WhiteElo "2388"]
[BlackElo "2185"]
[PlyCount "79"]
[EventDate "2012.05.16"]
[EventType "team-swiss"]
[EventRounds "6"]
[EventCountry "CRO"]
[SourceTitle "CBM 148 Extra"]
[Source "ChessBase"]
[SourceDate "2012.06.22"]
[SourceVersion "1"]
[SourceVersionDate "2012.06.22"]
[SourceQuality "1"]
[WhiteTeam "Slavonski Brod"]
[BlackTeam "Split Brda"]
[WhiteTeamCountry "CRO"]
[BlackTeamCountry "CRO"]

1. Nf3 f5 2. g3 Nf6 3. Bg2 g6 4. d4 Bg7 5. b4 c6 6. c4 d6 7. Bb2 0-0 8. a4 h6 9. 0-0 g5 10. d5 e5 11. dxe6 Bxe6 12. Nd4 Bc8 13. Qc2 Ne8 14. Nd2 f4 15. b5 c5 16. Bd5+ Kh8 17. Ne6 Bxe6 18. Bxe6 Bxb2 19. Qxb2+ Qf6 20. Rab1 Qxb2 21. Rxb2 Nf6 22. Bh3 Re8 23. Bg2 Nbd7 24. gxf4 Rxe2 25. fxg5 hxg5 26. Bf3 Re7 27. Bxb7 Rb8 28. Bg2 Re2 29. Bf3 Re6 30. Rb3 g4 31. Bg2 Rbe8 32. a5 Re2 33. Rd3 R8e6 34. b6 axb6 35. a6 Ne5 36. a7 Nxd3 37. a8Q+ Re8 38. Qa3 Nf4 39. Qa1 R8e5 40. Nb3 1-0

[Event "CRO Cup 21st"]
[Site "Sibenik"]
[Date "2012.05.18"]
[Round "4.84"]
[White "Vukoje, Vladimir"]
[Black "Vujnovic, Patricija"]
[Result "1-0"]
[WhiteElo "2388"]
[BlackElo "1961"]
[PlyCount "77"]
[EventDate "2012.05.16"]
[EventType "team-swiss"]
[EventRounds "6"]
[EventCountry "CRO"]
[SourceTitle "CBM 148 Extra"]
[Source "ChessBase"]
[SourceDate "2012.06.22"]
[SourceVersion "1"]
[SourceVersionDate "2012.06.22"]
[SourceQuality "1"]
[WhiteTeam "Slavonski Brod"]
[BlackTeam "Rijeka Liburnija (W)"]
[WhiteTeamCountry "CRO"]
[BlackTeamCountry "CRO"]

1. Nf3 Nf6 2. c4 c5 3. Nc3 Nc6 4. g3 g6 5. Bg2 Bg7 6. 0-0 0-0 7. d3 d6 8. a3 Bd7 9. Rb1 Qc8 10. Re1 h6 11. b4 cxb4 12. axb4 Bh3 13. Bh1 Nd7 14. Nd5 e6 15. Nf4 Bg4 16. h3 Bxf3 17. Bxf3 Nf6 18. h4 e5 19. Nd5 Nxd5 20. Bxd5 Ne7 21. Bg2 Qd7 22. b5 Rfb8 23. Bd2 a6 24. Qb3 axb5 25. Qxb5 Qc7 26. Qb6 Qxb6 27. Rxb6 Ra6 28. Rxb7 Rxb7 29. Bxb7 Ra2 30. Rd1 Nf5 31. Bd5 Rc2 32. e3 Ne7 33. Bg2 Nc8 34. Kf1 Nb6 35. Bc6 Ra2 36. Ke2 f5 37. c5 dxc5 38. Rb1 Ra6 39. Bb7 1-0

[Event "CRO-Cup 20th"]
[Site "Sibenik"]
[Date "2011.05.20"]
[Round "4.113"]
[White "Vukoje, Vladimir"]
[Black "Radic, Antonio"]
[Result "1/2-1/2"]
[WhiteElo "2397"]
[BlackElo "1991"]
[PlyCount "80"]
[EventDate "2011.05.18"]
[EventType "team-swiss"]
[EventRounds "6"]
[EventCountry "CRO"]
[SourceTitle "CBM 142 Extra"]
[Source "ChessBase"]
[SourceDate "2011.06.27"]
[SourceVersion "1"]
[SourceVersionDate "2011.06.27"]
[SourceQuality "1"]
[WhiteTeam "Slavonski Brod"]
[BlackTeam "Krizevci"]
[WhiteTeamCountry "CRO"]
[BlackTeamCountry "CRO"]

1. Nf3 Nf6 2. g3 g6 3. b3 Bg7 4. Bb2 0-0 5. Bg2 d5 6. c4 c6 7. 0-0 Nbd7 8. Qc2 e6 9. d4 Ne4 10. Nbd2 f5 11. b4 b6 12. cxd5 cxd5 13. Qc6 Qe7 14. Qa4 b5 15. Qxb5 Rb8 16. Qa5 Nxd2 17. Nxd2 Qxb4 18. Qxb4 Rxb4 19. Ba3 Rxd4 20. Bxf8 Kxf8 21. Nb3 Ra4 22. Rac1 Nb6 23. Rc2 Nc4 24. Rfc1 Ke7 25. e3 Kd6 26. Bf1 Ba6 27. Nd2 Kc5 28. Rb1 Bb5 29. Nb3+ Kd6 30. Nc1 a6 31. Rb3 h6 32. Ne2 Na5 33. Rb1 Ra3 34. Nd4 Bxd4 35. Bxb5 Bxe3 36. fxe3 axb5 37. Rxb5 Nc4 38. Kf2 Nxe3 39. Rb6+ Ke5 40. Rcc6 Ng4+ 1/2-1/2

[Event "CRO-chT2 East"]
[Site "Croatia"]
[Date "2011.04.02"]
[Round "1"]
[White "Vidalina, Franja"]
[Black "Vukoje, Vladimir"]
[Result "1/2-1/2"]
[WhiteElo "2087"]
[BlackElo "2385"]
[PlyCount "134"]
[EventDate "2011.04.02"]
[EventType "tourn"]
[EventRounds "11"]
[EventCountry "CRO"]
[SourceTitle "EXT 2014"]
[Source "ChessBase"]
[SourceDate "2013.11.20"]
[SourceVersion "1"]
[SourceVersionDate "2013.11.20"]
[SourceQuality "1"]

1. e4 g6 2. d4 Bg7 3. Nf3 d6 4. Be2 Nf6 5. Nc3 0-0 6. 0-0 a6 7. h3 b5 8. e5 Nfd7 9. Bf4 Nb6 10. a3 Nc6 11. Re1 Nc4 12. Bxc4 bxc4 13. d5 Na5 14. Qd2 Bf5 15. Nd4 dxe5 16. Nxf5 gxf5 17. Bxe5 f6 18. Bd4 Rf7 19. Qf4 c6 20. Qxf5 Rb8 21. Rab1 cxd5 22. Qe6 Qd6 23. Qxd6 exd6 24. Nxd5 Nc6 25. Bc3 f5 26. Bxg7 Kxg7 27. Re6 Rd7 28. Nf6 Rdd8 29. Nh5+ Kg8 30. Rd1 Rxb2 31. Rdxd6 Rxd6 32. Rxd6 Ne7 33. Rxa6 Rxc2 34. Ra7 Rc1+ 35. Kh2 Kf7 36. Nf4 Ke8 37. Rc7 Rc2 38. Kg3 Rc3+ 39. f3 Rc2 40. a4 c3 41. a5 Ra2 42. Rxc3 Rxa5 43. Re3 Kf7 44. Kf2 Ra4 45. Nd3 Kf6 46. Re6+ Kf7 47. Rb6 Ra2+ 48. Rb2 Ra3 49. Ke2 Ra4 50. g4 Ra6 51. Rb5 Rh6 52. Nf4 fxg4 53. hxg4 Rh2+ 54. Ke3 Ra2 55. Rb7 Ra5 56. Nd3 h5 57. gxh5 Rxh5 58. f4 Ra5 59. Ne5+ Kf6 60. Kf3 Ra1 61. Ng4+ Ke6 62. Ne3 Ra3 63. Rb6+ Kf7 64. Kf2 Ra2+ 65. Kf3 Ra3 66. Rb7 Ke6 67. Ke2 Ra2+ 1/2-1/2

[Event "CRO-chT2 East"]
[Site "Osijek"]
[Date "2010.10.16"]
[Round "7.54"]
[White "Vukoje, Vladimir"]
[Black "Kalajzic, Ivan"]
[Result "1/2-1/2"]
[WhiteElo "2377"]
[BlackElo "2184"]
[PlyCount "28"]
[EventDate "2010.04.17"]
[EventType "team-tourn"]
[EventRounds "11"]
[EventCountry "CRO"]
[SourceTitle "EXT 2012"]
[Source "ChessBase"]
[SourceDate "2011.11.24"]
[SourceVersion "1"]
[SourceVersionDate "2011.11.24"]
[SourceQuality "1"]

1. e4 c5 2. Nc3 Nc6 3. Nge2 e5 4. Nd5 Nf6 5. Nec3 Nxd5 6. Nxd5 Ne7 7. Bc4 d6 8. d3 Be6 9. Bb5+ Bd7 10. Bxd7+ Qxd7 11. c4 Nxd5 12. cxd5 Be7 13. 0-0 0-0 14. Bd2 f5 1/2-1/2

[Event "CRO-chT2 East"]
[Site "Osijek"]
[Date "2010.04.24"]
[Round "5.43"]
[White "Aleksic, Robert"]
[Black "Vukoje, Vladimir"]
[Result "1/2-1/2"]
[WhiteElo "2217"]
[BlackElo "2377"]
[PlyCount "74"]
[EventDate "2010.04.17"]
[EventType "team-tourn"]
[EventRounds "11"]
[EventCountry "CRO"]
[SourceTitle "EXT 2012"]
[Source "ChessBase"]
[SourceDate "2011.11.24"]
[SourceVersion "1"]
[SourceVersionDate "2011.11.24"]
[SourceQuality "1"]

1. e4 d6 2. d4 Nf6 3. Nc3 g6 4. Be3 Ng4 5. Bg5 h6 6. Bh4 Bg7 7. h3 Nf6 8. f4 c6 9. Nf3 0-0 10. Qd2 d5 11. e5 Ne4 12. Nxe4 dxe4 13. Nh2 f5 14. Bc4+ Kh7 15. 0-0-0 Qc7 16. Bf2 b5 17. Bb3 a5 18. a4 bxa4 19. Bxa4 Be6 20. g4 Na6 21. gxf5 Bxf5 22. Nf1 Nb4 23. Ng3 Nd5 24. Nxf5 Rxf5 25. Be3 h5 26. Rdf1 Bh6 27. Kb1 Raf8 28. c4 Nxe3 29. Qxe3 Rxf4 30. Rxf4 Rxf4 31. Re1 c5 32. Bc2 cxd4 33. Qxd4 e3 34. Qxe3 Rf1 35. Qe4 Rxe1+ 36. Qxe1 Qb6 37. Qe4 Qg1+ 1/2-1/2

[Event "CRO-Cup 18th"]
[Site "Sibenik"]
[Date "2009.05.20"]
[Round "1"]
[White "Bozinovic, Bogdan"]
[Black "Vukoje, Vladimir"]
[Result "1/2-1/2"]
[WhiteElo "2323"]
[BlackElo "2276"]
[PlyCount "29"]
[EventDate "2009.05.20"]
[EventType "team-tourn"]
[EventRounds "5"]
[EventCountry "CRO"]
[SourceTitle "CBM 130 Extra"]
[Source "ChessBase"]
[SourceDate "2009.07.02"]
[SourceVersion "2"]
[SourceVersionDate "2009.07.15"]
[SourceQuality "1"]

1. d4 d5 2. c4 e6 3. Nc3 Be7 4. Nf3 Nf6 5. Bg5 h6 6. Bh4 0-0 7. e3 b6 8. Rc1 Bb7 9. Bxf6 Bxf6 10. cxd5 exd5 11. b4 c6 12. Qb3 Re8 13. Bd3 a5 14. bxa5 Rxa5 15. 0-0 1/2-1/2